Movie Death Haikus Quiz Stats

 Plays Quiz Updated May 21, 2015

Challenge
Share
Tweet
Embed
Score 0/22 Timer 05:00
0 Plays Today
% Correct
Gollum (Lord of the Rings)
98.4%
Donald Gennaro (Jurassic Park)
98.3%
Gaston (Beauty and the Beast)
95.1%
The Terminator (Terminator 2: Judgment Day)
94.6%
Mordred (Excalibur)
91.7%
Oddjob (Goldfinger)
91.1%
Eduard Delacroix (The Green Mile)
88.9%
Kane (Alien)
88.4%
Phil Connors (Groundhog Day)
87%
Chrissie Watkins (Jaws)
86.5%
Hans Gruber (Die Hard)
86%
% Correct
Marion Crane (Psycho)
85.6%
Greedo (Star Wars: A New Hope)
83%
Luca Brasi (The Godfather)
82.3%
Colonel Kurtz (Apocalypse Now)
82.1%
Mola Ram (Indiana Jones and the Temple of Doom)
80.6%
Danny Vinyard (American History X)
80.1%
Annie Wilkes (Misery)
77.9%
Maggie Fitzgerald (Million Dollar Baby)
77.4%
Juliet (Romeo & Juliet)
77.2%
Paul Allen (American Psycho)
74.3%
Bill Murray (Zombieland)
68%

You're not logged in!

Compare scores with friends on all Sporcle quizzes.
Join for Free
OR
Log In

You Might Also Like...

Show Comments

Extras

Top Quizzes Today


Score Distribution

Your Account Isn't Verified!

In order to create a playlist on Sporcle, you need to verify the email address you used during registration. Go to your Sporcle Settings to finish the process.

Report this User

Report this user for behavior that violates our Community Guidelines.

Details: